000 00750nam a22002417a 4500
999 _c1303
_d1303
001 1303
003 BD-JhCC
005 20171128105402.0
008 171017s2002 bg |||| |||| 000 0 ben d
020 _a9848681809
035 _a(BD-JhCC)1303
040 _aBD-JhCC
_dBD-JhCC
041 _aben
082 _a305.42
_bBEG 2002
100 _aবেগম, মালেকা
245 _aনারী আন্দোলনের পাঁচ বছর /
_cমালেকা বেগম
260 _aঢাকা:
_bঅন্যপ্রকাশ,
_c২০০২.
300 _a২৭৮ পৃ. :
_c২২ সেমি.
504 _aIncludes Bibliography
650 _aWomen Movement
942 _2ddc
_cBK